00725cam a22002291 450000100060000000300080000600500170001400800390003103500190007003500190008904000330010804100080014108200180014910000360016724500890020326000340029230000260032650000660035250400200041865000320043865000250047018534BD-RjUL20211209000311.0140220s1962 xx 001 0 eng a(BD-RjUL)18592 a(OCoLC)2871821 aDLCcMeWCdDLCdBD-RjULbeng aeng a808bPAE 19621 aPalmer, Raymond Carroll.d1916-10aExperience and expression /cRaymond C. Palmer, James A. Lowrie [and] John F. Speer. aNew York :bScribner,cc1962. axiv, 498 p. ;c24 cm. aFirst published in 1957 under title: Writing from experience. aIncludes Index. 0aEnglish languagexRhetoric. 0aAmerican literature.